Entry Konu Terimi
001 - KONTROL NUMARASI
- Kontrol alanı: 116342
003 - KONTROL NUMARASI KİMLİĞİ
- Kontrol alanı: TR-BiSEU
005 - SON İŞLEM TARİHİ VE ZAMANI
- Kontrol alanı: 20260207004420.0
008 - SABİT UZUNLUKTAKİ VERİ ÖGELERİ - GENEL BİLGİ
- Sabit uzunlukta kontrol alanı: 260207|| aca||aabn | a|a d
040 ## - KATALOGLAMA KAYNAĞI
- Özgün kataloglama kurumu: TR-BiSEU
- Çeviri kurumu: TR-BiSEU
150 ## - KONU BAŞLIKLARI - KONU TERİMİ
- Konu terimi: Hittite language
670 ## - BİLGİNİN KAYNAĞI
- Bilginin alındığı kaynak: KOHA: (TR-BiSEU)62579: Savaş, Savaş Özkan. 21079, Anadolu (Hitit-Luvi) hiyeroglif yazıtlarında geçen tanrı, şahıs ve coğrafya adları= divine, personal and geographical names in the Anatolian (Hittite-Luwian) hieroglyphic inscriptions./
